Guess The Artist By Letter (T) - Statistics

General Stats
  • This quiz has been taken 92 times
  • The average score is 8 of 20
Answer Stats
Hint Answer % Correct
Africa Toto
98%
It's Not Unusual Tom Jones
66%
My Girl The Temptations
63%
We're Not Gonna Take It Twisted Sister
52%
It's My Life Talk Talk
50%
Happy Together The Turtles
50%
Once In A Lifetime Talking Heads
46%
Joy To The World Three Dog Night
41%
Sicko Mode Travis Scott
40%
867-5309 / Jenny Tommy Tutone
39%
Mad World Tears for Fears
35%
The Less I Know The Better Tame Impala
29%
Learning To Fly Tom Petty & The Heartbreakers
29%
Dancing In The Moonlight Toploader
26%
20th Century Boy T. Rex
24%
Courtesy Of The Red White & Blue Toby Keith
21%
The Lion Sleeps Tonight The Tokens
20%
Tribute Tenacious D
17%
Surfin' Bird The Trashmen
17%
Dancing In The Moonlight Thin Lizzy
13%
No matching quizzes found
Score Distribution
Percent of People with Each Score
Percentile by Number Answered
Your Score History
You have not taken this quiz